Restaurer le désir d'apprendre (notice n° 1586940)
[ vue normale ]
| 000 -LEADER | |
|---|---|
| fixed length control field | 01236cam a2200217 4500500 |
| 005 - DATE AND TIME OF LATEST TRANSACTION | |
| control field | 20251228060109.0 |
| 041 ## - LANGUAGE CODE | |
| Language code of text/sound track or separate title | fre |
| 042 ## - AUTHENTICATION CODE | |
| Authentication code | dc |
| 100 10 - MAIN ENTRY--PERSONAL NAME | |
| Personal name | Protin, Anne |
| Relator term | author |
| 245 00 - TITLE STATEMENT | |
| Title | Restaurer le désir d'apprendre |
| 260 ## - PUBLICATION, DISTRIBUTION, ETC. | |
| Date of publication, distribution, etc. | 2005.<br/> |
| 500 ## - GENERAL NOTE | |
| General note | 11 |
| 520 ## - SUMMARY, ETC. | |
| Summary, etc. | Résumé L’auteur relate son expérience d’enseignante responsable d’une classe de jeunes enfants de dix à douze ans présentant d’importantes perturbations cognitives et relationnelles. Elle témoigne des problèmes auxquels les enseignants doivent faire face quotidiennement pour inverser la spirale de l’échec et de la disqualification dans laquelle sont entraînés ces enfants. Son expérience montre comment des projets innovants et une forte dose de courage et d’énergie créatrice peuvent, parfois, restaurer le désir de connaissance et la dynamique d’apprentissage. |
| 690 ## - LOCAL SUBJECT ADDED ENTRY--TOPICAL TERM (OCLC, RLIN) | |
| Topical term or geographic name as entry element | apprentissages |
| 690 ## - LOCAL SUBJECT ADDED ENTRY--TOPICAL TERM (OCLC, RLIN) | |
| Topical term or geographic name as entry element | désir d'apprendre |
| 690 ## - LOCAL SUBJECT ADDED ENTRY--TOPICAL TERM (OCLC, RLIN) | |
| Topical term or geographic name as entry element | groupe-classe |
| 690 ## - LOCAL SUBJECT ADDED ENTRY--TOPICAL TERM (OCLC, RLIN) | |
| Topical term or geographic name as entry element | pédagogie institutionnelle |
| 690 ## - LOCAL SUBJECT ADDED ENTRY--TOPICAL TERM (OCLC, RLIN) | |
| Topical term or geographic name as entry element | perturbations cognitives |
| 786 0# - DATA SOURCE ENTRY | |
| Note | Enfances & Psy | 28 | 3 | 2005-03-01 | p. 60-68 | 1286-5559 |
| 856 41 - ELECTRONIC LOCATION AND ACCESS | |
| Uniform Resource Identifier | <a href="https://shs.cairn.info/revue-enfances-et-psy-2005-3-page-60?lang=fr&redirect-ssocas=7080">https://shs.cairn.info/revue-enfances-et-psy-2005-3-page-60?lang=fr&redirect-ssocas=7080</a> |
Pas d'exemplaire disponible.




Réseaux sociaux